Mládežnícky žargón. Španielčina v SMS správach

SMS správy sa stali najrýchlejšou, najlacnejšou a najefektívnejšou formou sprostredkovania informácií medzi mladými ľuďmi a nielen medzi nimi. Jazyk mládeže a SMS správy. Pravidlo, ktoré platí pre všetkých: dosiahnuť čo najväčšie množstvo informácií v najmenšom priestore. Charakteristika jazyka SMS...

Ausführliche Beschreibung

Gespeichert in:
Bibliographische Detailangaben
1. Verfasser: Spišiaková, Mária, 1973-
Format: Buchkapitel
Sprache:Slowakisch
Schlagworte:
Tags: Tag hinzufügen
Keine Tags, Fügen Sie das erste Tag hinzu!

MARC

LEADER 00000nla a2200000 4500
001 0200521
005 20240502073406.1
041 0 |a slo 
044 |a SK 
245 1 0 |a Mládežnícky žargón. Španielčina v SMS správach  |c Mária Spišiaková 
520 |a SMS správy sa stali najrýchlejšou, najlacnejšou a najefektívnejšou formou sprostredkovania informácií medzi mladými ľuďmi a nielen medzi nimi. Jazyk mládeže a SMS správy. Pravidlo, ktoré platí pre všetkých: dosiahnuť čo najväčšie množstvo informácií v najmenšom priestore. Charakteristika jazyka SMS správ:fono-ortografická rovina, morfosyntaktická rovina, lexikálna rovina. 
610 2 0 |a jazyky cudzie 
610 2 0 |a španielčina 
610 2 0 |a informácie 
610 2 0 |a telefón mobilný 
610 2 0 |a mládež 
610 2 0 |a komunikácia 
100 1 |a Spišiaková, Mária, 1973-